| 000 | 00664nam a2200241Ia 4500 | ||
|---|---|---|---|
| 005 | 20240305094017.0 | ||
| 008 | 131103s9999 xx 000 0 und d | ||
| 020 | _a9.78E+12 | ||
| 040 | _aLoreto College | ||
| 041 | _aEnglish | ||
| 082 |
_a004.6 _bFOR |
||
| 100 | _aForouzan, Behrouz A. | ||
| 245 |
_aData communications and networking _cBehrouz A. Forouzan and Sophia Chung Fegan |
||
| 250 | _a4th ed. | ||
| 260 |
_aNew Delhi _bTata McGraw-Hill _c2006 |
||
| 300 | _axxxiv,1134p. | ||
| 504 | _aSpecial Indian edition | ||
| 650 | _aComputer Networks | ||
| 651 | _aComputer Security | ||
| 700 | _aFegan, Sophia Chung | ||
| 850 | _aLCLIB | ||
| 942 | _cBK | ||
| 999 |
_c20287 _d70766 |
||